000 00633nam a2200277Ia 4500
005 20260324141526.0
008 008 260324s9999 xx 000 0 eng d
020 _a9780203425381
037 _aEBOOK
040 _aCRL
040 _beng
040 _cCRL
041 _2eng
041 _aeng
084 _qCRL
100 _aShanti Nair
_91208519
245 0 _aIslam in Malaysian Foreign Policy
260 _bTaylor and Francis
260 _c1997
365 _a
365 _b315
856 _uhttp://www.taylorfrancis.com/books/9780203425381
942 _cEBOOK
999 _c1811708
_d1811708